Twilight Quiz - Statistics

General Stats
  • This quiz has been taken 152 times
  • The average score is 10 of 16
Answer Stats
Question Answer % Correct
How old is Edward Cullen when he was changed 17
91%
Bella's father's name Charlie Swan
90%
How many movies is there 5
89%
Name of the second book/movie New moon
89%
Where the movie is set Forks
88%
Where Bella Swan moved from Phoenix
88%
One of the three leaders of the volturi Aro
83%
Which country does the volturi live in Italy
81%
Leah Clearwater brother's name Seth
78%
What does Phil dwyer do Baseball player
63%
What tribe is Jacob in Quileute tribe
55%
Complete: "What If I'm not the hero? What If I am..." The bad guy
43%
What is the island called where Edward took Bella for their honeymoon Isle esme
41%
What book/movies does Jacob realise he can turn into a wolf Second
16%
Which book/film is Victoria's death Third
15%
Name of Bella and Edward's child Renesemee
10%
No matching quizzes found
Score Distribution
Percent of People with Each Score
Percentile by Number Answered
Your Score History
You have not taken this quiz